000 00703nam a2200181Ia 4500
003 GCL
008 140319s9999 xx 000 0 ara d
040 _aGCL /
_cGCL
082 0 4 _a526.3
_bم م
100 1 _aمحمد رشاد الدين مصطفى حسين
245 1 0 _aالميكروكمبيوتر والمساحة الجيوديسية /
_cمحمد رشاد الدين مصطفى حسين
260 _aبيروت :
_bدار الراتب الجامعية ،
_c1988
300 _a332 ص ؛
_c25 سم
490 _a
650 0 4 _aالمساحة الجيوديسية - برامج الحاسبات
650 0 4 _aالمساحة الجيوديسية - الطرق الاحصائية
942 _2ddc
_cBK
999 _c39628
_d39628